| 000 | 01088cas a2200217 a 4500 | ||
|---|---|---|---|
| 999 |
_c17242 _d17242 |
||
| 005 | 20181226190935.0 | ||
| 008 | 000802d19991999ck rzp r 0 uub0spa d | ||
| 040 |
_aCO-BoBLA _cCO-BoBLA _dCO-BoIAVH |
||
| 041 | 0 | _aspa | |
| 044 | _ack | ||
| 090 | _aSE | ||
| 245 | 0 | 0 |
_aChinango : _bOrgano informativo del Centro de Investigaciones Etnolológicas al servicio de las comunidades tradicionales de Colombia. |
| 260 |
_aQuibdó (Chiocó, Colombia) : _bCentro de Investigaciones Etnolológicas, _c[1999]- |
||
| 300 |
_bilustraciones ; _c28 cm. |
||
| 650 | 2 | 6 |
_aBiodiversidad _xLegislación medioambiental _zColombia _v Publicaciones periódicas |
| 650 | 2 | 6 |
_aMedicina alternativa _xLegislación _zColombia _vPublicaciones periódicas |
| 650 | 2 | 6 |
_aMedicina tradicional _xLegislación _zColombia _vPublicaciones periódicas |
| 651 | 2 | 6 |
_a Quibdó (Chocó, Colombia) _x Descripción. _vPublicaciones periódicas |
| 710 | 2 |
_aCentro de Investigaciones Etnológicas al Servicio de las Comunidades Tradicionales de Colombia _c(Istmina, Chocó) |
|
| 942 |
_2z _cREVISTA |
||